The noble scholar, jurist, historian


 His Excellency Dr. Abdul Wahhab bin Ibrahim Abu Sulaiman, may Allah have mercy on him.


 He was born in Umm Al-Qura in the year 1356 AH.

مختصر لوامع الأنوار البهية وسواطع الأسرار الأثرية شرح الدرة المضية في عقد الفرقة المرضية / (Record no. 14771)

MARC details
000 -LEADER
fixed length control field 01475cam a2200289 i 4500
003 - CONTROL NUMBER IDENTIFIER
control field SA-RiAUC
005 - DATE AND TIME OF LATEST TRANSACTION
control field 20260413142244.0
008 - FIXED-LENGTH DATA ELEMENTS--GENERAL INFORMATION
fixed length control field 260313s1931 sy g 00000 ara c
040 ## - CATALOGING SOURCE
Original cataloging agency SA-RiKSU
Language of cataloging ara
Transcribing agency SA-RiAUC
Description conventions rda
082 04 - DEWEY DECIMAL CLASSIFICATION NUMBER
Classification number 240
090 ## - LOCALLY ASSIGNED LC-TYPE CALL NUMBER (OCLC); LOCAL CALL NUMBER (RLIN)
Classification number (OCLC) (R) ; Classification number, CALL (RLIN) (NR) م ن 240
Local cutter number (OCLC) ; Book number/undivided call number, CALL (RLIN) ش ط ي
100 1# - MAIN ENTRY--PERSONAL NAME
Personal name الشطي، حسن بن عمر بن معروف،
Dates associated with a name 1205-1274 هجري
Relator term مؤلف.
245 10 - TITLE STATEMENT
Title مختصر لوامع الأنوار البهية وسواطع الأسرار الأثرية شرح الدرة المضية في عقد الفرقة المرضية /
Statement of responsibility, etc. اختصار حسن الشطي.
264 #1 - PRODUCTION, PUBLICATION, DISTRIBUTION, MANUFACTURE, AND COPYRIGHT NOTICE
Place of production, publication, distribution, manufacture [مكان النشر غير محدد] :
Name of producer, publisher, distributor, manufacturer [الناشر غير محدد]،
Date of production, publication, distribution, manufacture, or copyright notice 1931
264 #3 - PRODUCTION, PUBLICATION, DISTRIBUTION, MANUFACTURE, AND COPYRIGHT NOTICE
Place of production, publication, distribution, manufacture دمشق :
Name of producer, publisher, distributor, manufacturer مطبعة الترقي
300 ## - PHYSICAL DESCRIPTION
Extent 206 صفحة؛
Dimensions 29 سم.
336 ## - CONTENT TYPE
Content type term نص
Content type code txt
Source rdacontent
Materials specified كتاب
337 ## - MEDIA TYPE
Media type term بدون وسيط
Media type code n
Source rdamedia
338 ## - CARRIER TYPE
Carrier type term مجلد
Carrier type code nc
Source rdacarrier
650 #7 - SUBJECT ADDED ENTRY--TOPICAL TERM
Topical term or geographic name entry element علم الكلام
Source of heading or term aucsh
700 12 - ADDED ENTRY--PERSONAL NAME
Personal name السفاريني، محمد بن أحمد بن سالم،
Dates associated with a name 1114-1188 هجري
700 12 - ADDED ENTRY--PERSONAL NAME
Personal name السفاريني، محمد بن أحمد بن سالم،
Dates associated with a name 1114-1188 هجري.
Title of a work الدرة المضية في عقد أهل الفرقة المرضية.
740 02 - ADDED ENTRY--UNCONTROLLED RELATED/ANALYTICAL TITLE
Uncontrolled related/analytical title لوامع الأنوار البهية وسواطع الأسرار الأثرية.
740 22 - ADDED ENTRY--UNCONTROLLED RELATED/ANALYTICAL TITLE
Uncontrolled related/analytical title الدرة المضية في عقد الفرقة المرضية.
942 ## - ADDED ENTRY ELEMENTS (KOHA)
Source of classification or shelving scheme Dewey Decimal Classification
Koha item type كتاب مصور نادر
Suppress in OPAC No
949 ## - LOCAL PROCESSING INFORMATION (OCLC)
a SA-JeALM
d 260313
u mohamedma123
n 1
Holdings
Withdrawn status Lost status Source of classification or shelving scheme Damaged status Not for loan Home library Current library Date acquired Total checkouts Full call number Barcode Date last seen Price effective from Koha item type
    Dewey Decimal Classification     DR AbdElwahab Library DR AbdElwahab Library 04/13/2026   م ن 240 ش ط ي 000023337 04/13/2026 04/13/2026 كتاب مصور نادر